Structural analysis / (Record no. 554042)

000 -LEADER
fixed length control field 00850cam a2200241 i 4500
020 ## - INTERNATIONAL STANDARD BOOK NUMBER
International Standard Book Number 0133942848
020 ## - INTERNATIONAL STANDARD BOOK NUMBER
International Standard Book Number 978-93-325-8614-7
082 ## - DEWEY DECIMAL CLASSIFICATION NUMBER
Classification number 624.171
Author Mark HIB
100 1# - MAIN ENTRY--PERSONAL NAME
Personal name Hibbeler, R. C.
9 (RLIN) 1019
245 10 - TITLE STATEMENT
Title Structural analysis /
Statement of responsibility, etc. R.C. HIbbeler
250 ## - EDITION STATEMENT
Edition statement Ninth edition.
300 ## - PHYSICAL DESCRIPTION
Extent xx, 700 pages :
Other physical details illustrations (some color) ;
Dimensions 25 cm
500 ## - GENERAL NOTE
General note Previous edition: Upper Saddle River, N.J. : Pearson/Prentice Hall, 2012.
526 ## - STUDY PROGRAM INFORMATION NOTE
Program name 0
Interest level 0
Reading level 0
Title point value 624_171000000000000_HIB
526 ## - STUDY PROGRAM INFORMATION NOTE
Program name 0
Interest level 0
Reading level 0
Title point value 624_171000000000000_HIB
526 ## - STUDY PROGRAM INFORMATION NOTE
Program name 0
Interest level 0
Reading level 0
Title point value 624_171000000000000_HIB
526 ## - STUDY PROGRAM INFORMATION NOTE
Program name 0
Interest level 0
Reading level 0
Title point value 624_171000000000000_HIB
526 ## - STUDY PROGRAM INFORMATION NOTE
Program name 0
Interest level 0
Reading level 0
Title point value 624_171000000000000_HIB
526 ## - STUDY PROGRAM INFORMATION NOTE
Program name 0
Interest level 0
Reading level 0
Title point value 624_171000000000000_HIB
526 ## - STUDY PROGRAM INFORMATION NOTE
Program name 0
Interest level 0
Reading level 0
Title point value 624_171000000000000_HIB
650 #0 - SUBJECT ADDED ENTRY--TOPICAL TERM
Topical term or geographic name entry element Structural analysis (Engineering)
9 (RLIN) 654
942 ## - ADDED ENTRY ELEMENTS (KOHA)
Source of classification or shelving scheme
Koha item type Book
Holdings
Withdrawn status Lost status Source of classification or shelving scheme Damaged status Not for loan Permanent Location Current Location Date acquired Total Checkouts Full call number Barcode Date last seen Date last checked out Price effective from Koha item type Total Renewals
          Military College of Engineering (MCE) Military College of Engineering (MCE) 02/22/2018 1 624.171 HIB MCE-50576 06/26/2019 05/23/2019 02/22/2018 Book  
          Military College of Engineering (MCE) Military College of Engineering (MCE) 02/22/2018 4 624.171 HIB MCE-50578 12/29/2020 12/29/2020 02/22/2018 Book 3
          Military College of Engineering (MCE) Military College of Engineering (MCE) 02/22/2018 1 624.171 HIB MCE-50574 08/13/2018 08/13/2018 02/22/2018 Book  
          Military College of Engineering (MCE) Military College of Engineering (MCE) 02/22/2018 3 624.171 HIB MCE-50575 08/04/2020 02/27/2020 02/22/2018 Book 1
          Military College of Engineering (MCE) Military College of Engineering (MCE) 02/22/2018 4 624.171 HIB MCE-50577 01/07/2021 12/10/2020 02/22/2018 Book 3
          Military College of Engineering (MCE) Military College of Engineering (MCE) 10/11/2018 1 624.171 HIB MCE-48122 08/13/2020 02/24/2020 10/11/2018 Book 1
          Military College of Engineering (MCE) Military College of Engineering (MCE) 10/30/2018 1 624.171 HIB MCE-47969 06/27/2019 06/14/2019 10/30/2018 Book  
© 2023 Central Library, National University of Sciences and Technology. All Rights Reserved.